000
00293nam a22001337a 4500
999
_c
15424
_d
15424
020
_a
9788131704554
082
_a
005.133
_b
MON/JA
100
_a
Moncur, Michael
_9
3114
245
_a
Javascript in 24 hours
250
_a
4
260
_a
New Delhi
_b
Pearson
_c
2007
300
_a
442p
942
_c
BK